000
00316nam a2200133Ia 4500
005
20251222155043.0
008
251222s9999||||xx |||||||||||||| ||spa||
082
_a
EBA. 29
100
_a
PEREZ, Evangelina.
245
0
_a
Auxiliar de EnfermerÃa
250
_a
2da. ed.
264
_b
Interamericana-Mc
942
_c
LIB
999
_c
36981
_d
36981